<?xml version="1.0" encoding="UTF-8"?>
<record
    xmlns:xsi="http://www.w3.org/2001/XMLSchema-instance"
    xsi:schemaLocation="http://www.loc.gov/MARC21/slim http://www.loc.gov/standards/marcxml/schema/MARC21slim.xsd"
    xmlns="http://www.loc.gov/MARC21/slim">

  <leader>00716nam a2200169Ia 4500</leader>
  <datafield tag="999" ind1=" " ind2=" ">
    <subfield code="c">39818</subfield>
    <subfield code="d">39818</subfield>
  </datafield>
  <controlfield tag="001">6423</controlfield>
  <controlfield tag="003">GE_BSU</controlfield>
  <controlfield tag="005">20191115121710.0</controlfield>
  <controlfield tag="008">181216s||||||||xx |||||||||||||| ||und||</controlfield>
  <datafield tag="040" ind1=" " ind2=" ">
    <subfield code="c">GE_BSU</subfield>
  </datafield>
  <datafield tag="080" ind1=" " ind2=" ">
    <subfield code="a">342.743(479.22)</subfield>
  </datafield>
  <datafield tag="245" ind1=" " ind2=" ">
    <subfield code="a">&#x10E1;&#x10D0;&#x10E5;&#x10D0;&#x10E0;&#x10D7;&#x10D5;&#x10D4;&#x10DA;&#x10DD;&#x10E1; &#x10E1;&#x10D0;&#x10D2;&#x10D0;&#x10D3;&#x10D0;&#x10E1;&#x10D0;&#x10EE;&#x10D0;&#x10D3;&#x10DD; &#x10D9;&#x10DD;&#x10D3;&#x10D4;&#x10E5;&#x10E1;&#x10D8; :</subfield>
    <subfield code="b">(&#x10DD;&#x10E4;&#x10D8;&#x10EA;&#x10D8;&#x10D0;&#x10DA;&#x10E3;&#x10E0;&#x10D8; &#x10E2;&#x10D4;&#x10E5;&#x10E1;&#x10E2;&#x10D8;). &#x10D9;&#x10DD;&#x10D3;&#x10D4;&#x10E5;&#x10E1;&#x10D8; &#x10EB;&#x10D0;&#x10DA;&#x10D0;&#x10E8;&#x10D8; &#x10E8;&#x10D4;&#x10D3;&#x10D8;&#x10E1; 2011 &#x10EC;&#x10DA;&#x10D8;&#x10E1; 1 &#x10D8;&#x10D0;&#x10DC;&#x10D5;&#x10E0;&#x10D8;&#x10D3;&#x10D0;&#x10DC;.</subfield>
  </datafield>
  <datafield tag="264" ind1=" " ind2=" ">
    <subfield code="a">&#x10D7;&#x10D1;&#x10D8;&#x10DA;&#x10D8;&#x10E1;&#x10D8; :</subfield>
    <subfield code="b">&#x10E8;&#x10DE;&#x10E1; &#x10D9;&#x10D5;&#x10D0;&#x10E0;&#x10D8;, </subfield>
    <subfield code="c">2010. </subfield>
  </datafield>
  <datafield tag="300" ind1=" " ind2=" ">
    <subfield code="a">378 &#x10D2;&#x10D5;.;</subfield>
    <subfield code="b">20 &#x10E1;&#x10DB;.</subfield>
  </datafield>
  <datafield tag="653" ind1=" " ind2=" ">
    <subfield code="a">&#x10E1;&#x10D0;&#x10D2;&#x10D0;&#x10D3;&#x10D0;&#x10E1;&#x10D0;&#x10EE;&#x10D0;&#x10D3;&#x10DD; &#x10D9;&#x10DD;&#x10D3;&#x10D4;&#x10E5;&#x10E1;&#x10D8;</subfield>
  </datafield>
  <datafield tag="942" ind1=" " ind2=" ">
    <subfield code="c">BK</subfield>
    <subfield code="2">udc</subfield>
  </datafield>
  <datafield tag="952" ind1=" " ind2=" ">
    <subfield code="0">0</subfield>
    <subfield code="1">0</subfield>
    <subfield code="2">udc</subfield>
    <subfield code="4">0</subfield>
    <subfield code="6">34274347922_&#x10E1;32</subfield>
    <subfield code="7">0</subfield>
    <subfield code="9">43675</subfield>
    <subfield code="a">CPL</subfield>
    <subfield code="b">CPL</subfield>
    <subfield code="d">2018-12-17</subfield>
    <subfield code="g">12.00</subfield>
    <subfield code="o">342.743(479.22) &#x10E1;-32</subfield>
    <subfield code="p">6783</subfield>
    <subfield code="r">2018-12-17</subfield>
    <subfield code="t">6783</subfield>
    <subfield code="w">2018-12-17</subfield>
    <subfield code="y">BK</subfield>
    <subfield code="z">12 &#x10DA;</subfield>
  </datafield>
</record>
